<?xml version="1.0" encoding="UTF-8"?><?xml-stylesheet type="text/xsl" href="static/style.xsl"?><OAI-PMH xmlns="http://www.openarchives.org/OAI/2.0/" xmlns:xsi="http://www.w3.org/2001/XMLSchema-instance" xsi:schemaLocation="http://www.openarchives.org/OAI/2.0/ http://www.openarchives.org/OAI/2.0/OAI-PMH.xsd"><responseDate>2026-04-17T05:11:01Z</responseDate><request verb="GetRecord" identifier="oai:www.recercat.cat:2117/112133" metadataPrefix="marc">https://recercat.cat/oai/request</request><GetRecord><record><header><identifier>oai:recercat.cat:2117/112133</identifier><datestamp>2025-07-22T15:39:18Z</datestamp><setSpec>com_2072_1033</setSpec><setSpec>col_2072_452951</setSpec></header><metadata><record xmlns="http://www.loc.gov/MARC21/slim" xmlns:dcterms="http://purl.org/dc/terms/" xmlns:xsi="http://www.w3.org/2001/XMLSchema-instance" xmlns:doc="http://www.lyncode.com/xoai" xsi:schemaLocation="http://www.loc.gov/MARC21/slim http://www.loc.gov/standards/marcxml/schema/MARC21slim.xsd">
   <leader>00925njm 22002777a 4500</leader>
   <datafield ind2=" " ind1=" " tag="042">
      <subfield code="a">dc</subfield>
   </datafield>
   <datafield ind2=" " ind1=" " tag="720">
      <subfield code="a">Vásquez Cortez, Hugo Alejandro</subfield>
      <subfield code="e">author</subfield>
   </datafield>
   <datafield ind2=" " ind1=" " tag="260">
      <subfield code="c">2017-06-16</subfield>
   </datafield>
   <datafield ind2=" " ind1=" " tag="520">
      <subfield code="a">La contaminación atmosférica es un tema global la cual ha ido incrementando en las principales&#xd;
ciudades del mundo debido a su acelerado crecimiento. El Área Metropolitana de Monterrey (AMM)&#xd;
constituye el centro de la actividad industrial y económica del Estado del Nuevo León. El crecimiento&#xd;
acelerado de la población, así como de la industria ha deteriorado y alterado la calidad del aire, lo&#xd;
que ha ocasionado que las autoridades correspondientes tomen sus debidas precauciones y medidas&#xd;
para prevenir que los niveles de contaminación sigan aumentando conforme pasan los años. A&#xd;
principios de los 90’s se empezaron a implementar estas medidas con la instalación de estaciones de&#xd;
medidas las cuales ayudarían a tener un panorama global de la condición en la que se encuentra el&#xd;
AMM, y conforme fue creciendo, se fueron instalando más estaciones de medidas hasta llegar a un&#xd;
total de 10 estaciones. Sin embargo, el grado de profundidad para la realización de un diagnóstico de&#xd;
la condición ambiental de cada contaminante varía en función de la información disponible.&#xd;
El objetivo principal de este trabajo es dar un panorama general de cuál ha sido la evolución de los&#xd;
principales contaminantes: dióxido de azufre (SO2), dióxido de nitrógeno (NO2), monóxido de&#xd;
carbono (CO), material particulado (PM10 y PM2.5) y Ozono (O3), con el fin de poder proponer&#xd;
mejoras en los programas existentes y futuros. Junto con la Secretaria de Desarrollo Sustentable de&#xd;
Nuevo León, se obtuvieron las bases de datos de las inmisiones de 1993 a 2016 las cuales sirvieron&#xd;
para la elaboración de este trabajo.&#xd;
La metodología utilizada para este estudio se basó en el análisis de 24 años (1993 a 2016) repartidos&#xd;
en tres periodos, los cuales comprenden las diferentes etapas en las cuales se fueron instalando los&#xd;
diferentes equipos y sus estaciones de medida. El diagnostico se basó en hacer un análisis de los&#xd;
orígenes y patrones de inmisiones para determinar sus tendencias horarias, semanales, mensuales y&#xd;
anuales y espacial. Posteriormente, se realizó un análisis de cumplimiento de normativa, tomando&#xd;
en cuenta la normativa mexicana, las normativas de la Agencia de Protección Ambiental de Estados&#xd;
Unidos (EPA, por sus siglas en inglés), las directrices de la Unión Europea (UE) y los valores guía de la&#xd;
Organización Mundial de la Salud (OMS), haciendo una comparación entre las cuatro y para evaluar&#xd;
los límites que se tiene en México con los que se utilizan en otros países y poder obtener&#xd;
conclusiones de la condición en la que se encuentra el AMM.&#xd;
El diagnóstico de la condición ambiental del AMM muestra que la contaminación del aire ha sido un&#xd;
problema para la sociedad desde el momento en que se empezó su medición. De acuerdo a los&#xd;
resultados obtenidos el Periodo 1 (1993-2002) fueron los años donde la mayoría de los&#xd;
contaminantes alcanzaron niveles sobrepasando los límites establecidos de las normativas y valores&#xd;
guía de la OMS. Los municipios más afectados son: Santa Catarina, San Nicolás de los Garza y García, los cuales se encuentran cerca de las pedreras, sin embargo, el crecimiento acelerado de los&#xd;
vehículos en circulación también afecta a todas las zonas, principalmente por el tipo de combustible&#xd;
que se utiliza en Nuevo León.&#xd;
En la actualidad, el problema se enfoca en los tres siguientes contaminantes: PM10, PM2.5 y O3, de los&#xd;
cuales existe evidencia previa de otros estudios de que el AMM posee una alta concentración de&#xd;
estos contaminantes. Desde que se empezaron a recopilar los datos de material particulado se&#xd;
cumplió la normativa muy pocas veces, sin embargo, en la actualidad se tiene por encima de todos&#xd;
los límites permitidos de las tres normativas y los valores guía de la OMS, teniendo más de 300 días&#xd;
en un año con mala calidad del aire por cuestión de estos contaminantes.</subfield>
   </datafield>
   <datafield tag="653" ind2=" " ind1=" ">
      <subfield code="a">Àrees temàtiques de la UPC::Enginyeria civil</subfield>
   </datafield>
   <datafield tag="653" ind2=" " ind1=" ">
      <subfield code="a">Air -- Pollution</subfield>
   </datafield>
   <datafield tag="653" ind2=" " ind1=" ">
      <subfield code="a">Air quality</subfield>
   </datafield>
   <datafield tag="653" ind2=" " ind1=" ">
      <subfield code="a">Contaminación Atmosférica</subfield>
   </datafield>
   <datafield tag="653" ind2=" " ind1=" ">
      <subfield code="a">Calidad del Aire</subfield>
   </datafield>
   <datafield tag="653" ind2=" " ind1=" ">
      <subfield code="a">Diagnostico</subfield>
   </datafield>
   <datafield tag="653" ind2=" " ind1=" ">
      <subfield code="a">Tendencia</subfield>
   </datafield>
   <datafield tag="653" ind2=" " ind1=" ">
      <subfield code="a">Aire -- Contaminació</subfield>
   </datafield>
   <datafield tag="653" ind2=" " ind1=" ">
      <subfield code="a">Aire -- Qualitat</subfield>
   </datafield>
   <datafield ind2="0" ind1="0" tag="245">
      <subfield code="a">Tendencia de la calidad del aire en Monterrey y su zona metropolitana, México</subfield>
   </datafield>
</record></metadata></record></GetRecord></OAI-PMH>